| 000 | 01005nam a2200241Ia 4500 | ||
|---|---|---|---|
| 001 | 18620 | ||
| 003 | GE_BSU | ||
| 008 | 181216s||||||||xx |||||||||||||| ||und|| | ||
| 040 | _cGE_BSU | ||
| 100 | _aჯაყელი,ჯემალ | ||
| 245 | _aსიცოცხლით შენი :ვალდებული | ||
| 245 | _b[ლექსები] | ||
| 245 | _cრედ:სალ კრავამარია;მხატვ:ჯედი აბდუშელი | ||
| 260 | _aბათუმი. | ||
| 260 | _bსრულიად საქართველოს ასოციაცია მესხეთი | ||
| 260 | _c2014 | ||
| 300 | _a165გვ;ილ.19სმ. | ||
| 300 | _b1ფ პორტრეტი | ||
| 653 | _aიმხნად | ||
| 653 | _aსამოქალაქო ლირიკა,სატრფიალო ლირიკა,მოკლე ჩანახატები | ||
| 653 | _aქართული პოეზია | ||
| 942 | _cBK | ||
| 999 |
_c51629 _d51629 |
||